Ruotsin suurimmat kaupungit • A-Ö - Statistics

Yleistilastot
  • Tätä visaa on pelattu 184 kertaa
  • Keskiarvotulos 10 / 23
Vastaustilastot
# Ruotsalainen kaupunki % Oikein
T Tukholma
98%
G Göteborg
90%
M Malmö
89%
U Uppsala
82%
L Linköping
61%
J Jönköping
60%
H Helsingborg
59%
Ö Örebro
59%
N Norrköping
55%
Y Ystad
44%
V Västerås
43%
E Eskilstuna
41%
K Karlstad
35%
B Borås
32%
F Falun
32%
S Södertälje
21%
P Piteå
19%
Ä Ängelholm
15%
Å Åmål
12%
O Oskarshamn
8%
A Alingsås
5%
R Ronneby
3%
D Djursholm
2%
Ehtoja vastaavia visoja ei löytynyt
Tulosjakauma
Jokaisen tuloksen saaneiden osuus
Persentiili vastausten määrän mukaan
Tuloshistoriasi
Et ole pelannut tätä visaa